[Event "Tourn. n10213"]
[Site "www.echecsemail.com"]
[Date "2019.11.06"]
[Round "1"]
[White "Jazzy"]
[Black "Numanoid"]
[WhiteElo "2390"]
[BlackElo "2780"]
[Result "0-1"]
[Round "1"]
1.d4 e6
2.Ng1f3 d5
3.c4 Ng8f6
4.Bc1g5 Bf8e7
5.e3 h6
6.Bg5xf6 Be7xf6
7.Nb1c3 O-O
8.Bf1d3 dxc4
9.Bd3xc4 c5
10.O-O cxd4
11.Nf3xd4 Bc8d7
12.Qd1e2 Nb8c6
13.Rf1d1 Nc6xd4
14.exd4 Rf8e8
15.Qe2d2 Bd7c6
16.Bc4b5 Bc6xb5
17.Nc3xb5 Qd8b6
18.Nb5c3 Ra8d8
19.Nc3e2 Bf6xd4
20.Ne2xd4 e5
21.Qd2c2 exd4
22.b3 Qb6a6
23.Qc2d3 Re8e1
{ resign }
0-1

[Event "Tourn. n10215"]
[Site "www.echecsemail.com"]
[Date "2019.11.06"]
[Round "1"]
[White "Pariolinius"]
[Black "Andychesston"]
[WhiteElo "1910"]
[BlackElo "1930"]
[Result "1-0"]
[Round "1"]
1.d4 d5
2.c4 Ng8f6
3.Nb1c3 Bc8f5
4.Ng1f3 e6
5.Bc1f4 c6
6.e3 Bf5g4
7.Bf1e2 Nb8d7
8.O-O Bf8e7
9.Ra1b1 O-O
10.c5 Kh8
11.h3 Bg4h5
12.b4 Nf6g8
13.Be2d3 f5
14.a4 a6
15.Bd3e2 Be7f6
16.Bf4d6 Bf6e7
17.Bd6e5 Be7f6
18.Be5f4 Ng8e7
19.Bf4d6 Rf8f7
20.Bd6f4 Bh5xf3
21.Be2xf3 Ne7g6
22.Bf3h5 e5
23.Bh5xg6 exf4
24.Bg6xf7 g6
25.Bf7e6 Nd7f8
26.Be6f7 Qd8e7
27.Bf7xd5 cxd5
28.Nc3xd5 Qe7g7
29.Nd5xf6 Qg7xf6
30.exf4 Ra8d8
31.d5 g5
32.fxg5 Qf6xg5
33.d6 Nf8d7
34.Qd1c1 f4
35.Qc1c3 Nd7e5
36.Rb1e1 Rd8e8
37.d7 Re8d8
38.Re1xe5 Qg5xg2
39.Kxg2 Rd8g8
40.Kh2 h5
41.Re5e7 { resign }
1-0

[Event "Tourn. n10205"]
[Site "www.echecsemail.com"]
[Date "2019.11.07"]
[Round "1"]
[White "D4minance"]
[Black "Virgil08bv"]
[WhiteElo "2860"]
[BlackElo "2680"]
[Result "1-0"]
[Round "1"]
1.d4 e6
2.e4 d5
3.Nb1d2 Ng8f6
4.e5 Nf6d7
5.Bf1d3 c5
6.c3 Nb8c6
7.Ng1e2 cxd4
8.cxd4 f6
9.exf6 Nd7xf6
10.O-O Bf8d6
11.Nd2f3 O-O
12.Bc1f4 Bd6xf4
13.Ne2xf4 Nf6e4
14.Nf4e2 Ne4g5
15.Nf3e5 Nc6xe5
16.dxe5 Qd8b6
17.Ne2g3 Ng5f7
18.Qd1h5 Nf7h6
19.Qh5g5 Nh6f7
20.Qg5h4 g6
21.Rf1e1 Qb6d8
22.Qh4g4 Qd8g5
23.Qg4xg5 Nf7xg5
24.Ra1c1 Ng5f7
25.Rc1c7 a6
26.Re1e3 Rf8d8
27.h4 Rd8d7
28.Rc7c1 Nf7d8
29.Ng3f1 Nd8c6
30.Nf1h2 Kg7
31.Nh2g4 Rd7f7
32.h5 Bc8d7
33.Bd3b1 Ra8d8
34.h6 Kf8
35.g3 Nc6b8
36.f4 Bd7c6
37.Ng4f2 Rf7e7
38.Nf2h3 Bc6e8
39.Nh3g5 Nb8c6
40.Kf2 Rd8a8
41.Re3b3 Nc6d8
42.Rb3b6 a5
43.Rb6d6 a4
44.Ke3 Kg8
45.Bb1d3 Be8c6
46.g4 Nd8f7
47.Rd6xe6 Re7xe6
48.Ng5xe6 Nf7xh6
49.g5 Nh6f7
50.Ne6d4 Ra8c8
51.Bd3b5 a3
52.bxa3 Bc6d7
53.Rc1xc8 Bd7xc8
54.Bb5a4 Bc8h3
55.Ba4b3 Bh3g2
56.Nd4b5 h5
57.e6 { resign }
1-0

[Event "Tourn. n10239"]
[Site "www.echecsemail.com"]
[Date "2019.11.07"]
[Round "1"]
[White "Estonia"]
[Black "Cal"]
[WhiteElo "1890"]
[BlackElo "1760"]
[Result "1-0"]
[Round "1"]
1.e4 e5
2.f4 d6
3.Ng1f3 exf4
4.Bf1c4 h6
5.O-O Bc8g4
6.h3 Bg4h5
7.d4 a6
8.Bc1xf4 Bf8e7
9.Nb1d2 Ng8f6
10.c3 Nb8c6
11.Bc4e2 O-O
12.d5 Nc6e5
13.Nf3xe5 Bh5xe2
14.Qd1xe2 dxe5
15.Bf4xe5 Nf6h7
16.Qe2g4 Be7g5
17.h4 f6
18.hxg5 fxg5
19.Qg4e6 Rf8f7
20.Qe6xf7 Kh8
21.Qf7xg7 { resign }
1-0

[Event "Match"]
[Site "www.echecsemail.com"]
[Date "2019.11.07"]
[Round "1"]
[White "Lesbianstar"]
[Black "Chessnadja"]
[WhiteElo "2689"]
[BlackElo "2720"]
[Result "0-1"]
[Round "1"]
1.Ng1f3 d5
2.b4 f6
3.c4 b5
4.e3 e5
5.Qd1b3 c5
6.bxc5 Bf8xc5
7.cxd5 Ng8e7
8.Nb1c3 Ne7f5
9.Bf1xb5 Bc8d7
10.Bb5xd7 Qd8xd7
11.O-O Nb8a6
12.Bc1b2 Ra8b8
13.Nf3xe5 Qd7d6
14.Rf1d1 Rb8xb3
15.axb3 Qd6xe5
{ resign }
0-1

[Event "Tourn. n10223"]
[Site "www.echecsemail.com"]
[Date "2019.11.07"]
[Round "1"]
[White "Coolant"]
[Black "Gandalf50"]
[WhiteElo "2360"]
[BlackElo "2400"]
[Result "0-1"]
[Round "1"]
1.b4 e5
2.Bc1b2 Bf8xb4
3.Bb2xe5 Ng8f6
4.Ng1f3 d5
5.e3 c5
6.c4 Nb8c6
7.cxd5 Nc6xe5
8.Nf3xe5 O-O
9.Bf1c4 a6
10.Nb1c3 Rf8e8
11.f4 b5
12.Bc4e2 Bc8b7
13.O-O Nf6xd5
14.Nc3xd5 Bb7xd5
15.a4 f6
16.Ne5d3 bxa4
17.Nd3xb4 cxb4
18.Qd1xa4 a5
19.Be2b5 Re8f8
20.Rf1c1 Qd8d6
21.d3 Rf8b8
22.Kf2 b3
23.Ra1b1 Kh8
24.Rb1b2 g5
25.g3 gxf4
26.gxf4 Rb8g8
27.Rc1g1 Rg8xg1
28.Kxg1 Ra8g8
29.Kf1 Qd6e6
{ resign }
0-1

[Event "Match"]
[Site "www.echecsemail.com"]
[Date "2019.11.07"]
[Round "1"]
[White "Ditto"]
[Black "Said13"]
[WhiteElo "1890"]
[BlackElo "1809"]
[Result "0-1"]
[Round "1"]
1.e4 c5
2.Bf1c4 Nb8c6
3.d3 e6
4.Ng1f3 Ng8f6
5.Bc1g5 Bf8e7
6.O-O O-O
7.c3 d5
8.exd5 exd5
9.Bc4b3 Bc8g4
10.Rf1e1 h6
11.Bg5e3 Be7d6
12.Nb1d2 d4
13.cxd4 cxd4
14.h3 Bg4xf3
15.Qd1xf3 dxe3
16.Re1xe3 Nc6d4
17.Qf3d1 Bd6f4
18.Re3e1 Bf4xd2
19.Qd1xd2 Nd4xb3
20.axb3 Rf8e8
21.Re1c1 a6
22.Qd2b4 Qd8e7
23.Qb4a4 Ra8c8
24.Rc1d1 Rc8c2
25.Ra1b1 Qe7c5
26.Rd1f1 Re8e2
27.d4 Qc5f5
28.Rb1e1 Re2xe1
29.b4 Qf5xf2
{ resign }
0-1

[Event "Tourn. n10211"]
[Site "www.echecsemail.com"]
[Date "2019.11.07"]
[Round "1"]
[White "Roma753"]
[Black "Passaroa25"]
[WhiteElo "1709"]
[BlackElo "1730"]
[Result "1-0"]
[Round "1"]
1.d4 Nb8c6
2.Bc1f4 Ng8f6
3.h3 d5
4.Ng1f3 Nf6e4
5.Nb1d2 Bc8e6
6.Nd2xe4 dxe4
7.Nf3d2 Nc6xd4
8.e3 Nd4c6
9.Nd2xe4 Qd8xd1
10.Ra1xd1 Be6xa2
11.b3 e5
12.Bf4h2 Bf8b4
13.Ke2 O-O
14.Rd1a1 f5
15.Ne4g5 Ra8d8
16.Ng5f3 e4
17.Nf3d4 Nc6xd4
18.exd4 Rd8xd4
19.Ra1xa2 Rd4d2
20.Ke3 c5
21.Bf1c4 Kh8
22.Ra2xa7 Rd2xc2
23.Rh1d1 Bb4d2
24.Rd1xd2 Rc2xd2
25.Kxd2 Rf8d8
26.Ke3 b6
27.Bh2e5 h6
28.Be5xg7 Kh7
29.Bg7f6 Kg6
30.Bf6xd8 h5
31.Bd8xb6 Kg5
32.h4 Kxh4
33.Bb6d8 Kg4
34.Bc4e2 
1-0

[Event "Tourn. n10236"]
[Site "www.echecsemail.com"]
[Date "2019.11.07"]
[Round "1"]
[White "Bira47"]
[Black "Esperanza"]
[WhiteElo "2050"]
[BlackElo "2110"]
[Result "1-0"]
[Round "1"]
1.c4 Ng8f6
2.g3 g6
3.Nb1c3 Bf8g7
4.Bf1g2 O-O
5.h3 d6
6.e3 e5
7.Ng1e2 c6
8.O-O Bc8e6
9.b3 Nb8d7
10.d4 Nf6e8
11.d5 { resign }
1-0

[Event "Tourn. n10243"]
[Site "www.echecsemail.com"]
[Date "2019.11.07"]
[Round "1"]
[White "Galiany17"]
[Black "Jazzy"]
[WhiteElo "2590"]
[BlackElo "2310"]
[Result "1-0"]
[Round "1"]
1.e4 d5
2.exd5 Qd8xd5
3.Nb1c3 Qd5d8
4.d4 Ng8f6
5.Ng1f3 e6
6.Bf1d3 b6
7.O-O Bc8b7
8.Bc1g5 Bf8e7
9.Qd1e2 O-O
10.Ra1d1 Nb8d7
11.Rf1e1 Rf8e8
12.Nf3e5 Nf6d5
13.Ne5xf7 { resign }
1-0

[Event "Tourn. n10196"]
[Site "www.echecsemail.com"]
[Date "2019.11.07"]
[Round "1"]
[White "Gvladutz"]
[Black "D4minance"]
[WhiteElo "2490"]
[BlackElo "2850"]
[Result "0-1"]
[Round "1"]
1.d4 Ng8f6
2.Ng1f3 d5
3.c4 e6
4.g3 Bf8e7
5.Bf1g2 O-O
6.O-O dxc4
7.Qd1c2 b5
8.a4 b4
9.Nf3e5 Qd8xd4
10.Bg2xa8 Qd4xe5
11.Bc1f4 Qe5h5
12.Ba8f3 Nf6g4
13.Bf3xg4 Qh5xg4
14.Qc2xc4 e5
15.Qc4xc7 exf4
16.Qc7xe7 fxg3
17.fxg3 Nb8c6
18.Qe7c5 Qg4xe2
19.Rf1f2 Qe2d1
20.Rf2f1 Qd1d7
21.Rf1f2 Nc6d4
22.Nb1d2 Rf8e8
23.Qc5c4 Bc8b7
24.Ra1f1 Re8e7
25.Nd2b3 Nd4xb3
26.Qc4xb3 Qd7c6
27.Rf2f3 a5
28.Qb3d3 h6
29.Qd3d8 Re7e8
30.Qd8d2 f6
31.h4 Qc6c5
32.Rf3f2 Re8e3
33.Kh2 Qc5e5
34.Rf1g1 Bb7d5
35.Qd2d1 Re3e4
36.Kh3 g5
37.Qd1c2 Kg7
38.Rf2d2 b3
39.Qc2d3 Bd5e6
40.Kh2 Be6f5
41.Qd3c3 Re4xh4
42.Kg2 Qe5xc3
43.bxc3 Rh4xa4
44.Rd2b2 Ra4a2
45.Rb2xa2 bxa2
46.Rg1a1 Bf5b1
47.Kf3 h5
48.c4 f5
49.Ke3 Kf6
50.Ke2 Ke5
51.Ke3 h4
52.gxh4 f4
53.Kf3 gxh4
54.Kg4 Kd4
55.c5 Kxc5
56.Kxf4 Kc4
57.Kg4 Kc3
58.Kxh4 Kb2
59.Ra1xa2 Kxa2
{ resign }
0-1

[Event "Match"]
[Site "www.echecsemail.com"]
[Date "2019.11.08"]
[Round "1"]
[White "Chapi"]
[Black "Ztornad"]
[WhiteElo "2080"]
[BlackElo "1980"]
[Result "1-0"]
[Round "1"]
1.d4 d5
2.c4 dxc4
3.Nb1c3 Bc8d7
4.d5 e6
5.e4 Bf8d6
6.Bf1xc4 c6
7.Qd1g4 g6
8.dxe6 fxe6
9.Bc4xe6 Qd8e7
10.Be6xd7 Nb8xd7
11.Bc1f4 Ng8f6
12.Bf4xd6 Nf6xg4
13.Bd6xe7 Kxe7
14.Ng1f3 Nd7e5
15.Nf3xe5 Ng4xe5
16.O-O b5
17.Ra1d1 Ra8d8
18.h3 Ne5c4
19.b3 Nc4e5
20.f4 Ne5f7
21.e5 Nf7h6
22.g4 Nh6f7
23.Nc3e4 Rd8d5
24.Ne4f6 Rd5xd1
25.Rf1xd1 Rh8d8
26.Rd1xd8 Nf7xd8
27.Nf6xh7 Nd8e6
28.f5 gxf5
29.gxf5 Ne6f4
30.f6 Ke6
31.Nh7g5 Kd7
32.Kf2 Nf4g6
33.e6 Ke8
34.e7 a5
35.Ng5e6 Kd7
36.Ne6g7 Ng6xe7
37.fxe7 Kxe7
38.Ke3 Kf6
39.Kd4 Ke7
40.h4 Kd6
41.h5 c5
42.Kc3 Kd5
43.h6 b4
44.Kd3 a4
45.h7 axb3
46.axb3 c4
47.bxc4 Kc5
48.h8Q b3
49.Ng7e6 Kb4
50.Qh8b8 Ka3
51.Kc3 Ka2
52.Qb8xb3 Ka1
53.Qb3b2 
1-0

[Event "Match"]
[Site "www.echecsemail.com"]
[Date "2019.11.08"]
[Round "1"]
[White "Jalenakravit"]
[Black "Biohazard"]
[WhiteElo "1799"]
[BlackElo "2679"]
[Result "1-0"]
[Round "1"]
1.d4 d5
2.c4 e6
3.Nb1c3 Ng8f6
4.Bc1g5 Bf8e7
5.e3 O-O
6.Ng1f3 Nb8d7
7.Ra1c1 c6
8.Bf1d3 dxc4
9.Bd3xc4 Nf6d5
10.Bg5xe7 Qd8xe7
11.O-O Nd5xc3
12.Rc1xc3 c5
13.dxc5 Nd7xc5
14.Nf3e5 { resign }
1-0

[Event "Tourn. n10190"]
[Site "www.echecsemail.com"]
[Date "2019.11.08"]
[Round "1"]
[White "Jerome"]
[Black "Tartan"]
[WhiteElo "2470"]
[BlackElo "2470"]
[Result "1-0"]
[Round "1"]
1.e4 e6
2.d4 d5
3.Nb1c3 Ng8f6
4.Bc1g5 Bf8b4
5.e5 h6
6.Bg5d2 Bb4xc3
7.bxc3 Nf6e4
8.Qd1g4 g6
9.Bf1d3 Ne4xd2
10.Kxd2 c5
11.h4 Nb8c6
12.Qg4f4 cxd4
13.cxd4 Bc8d7
14.c3 Qd8e7
15.Ng1f3 Nc6a5
16.Qf4f6 Qe7xf6
17.exf6 Na5c6
18.Ra1b1 Nc6a5
19.h5 g5
20.Nf3e5 b6
21.Rh1c1 Na5c6
22.c4 Nc6xe5
23.dxe5 Bd7c6
24.cxd5 Bc6xd5
25.Bd3b5 Kd8
26.Bb5a6 Bd5xa2
27.Rb1b2 Ba2d5
28.Rb2c2 { resign }
1-0

[Event "Match"]
[Site "www.echecsemail.com"]
[Date "2019.11.08"]
[Round "1"]
[White "Calponas"]
[Black "Ericleo1980"]
[WhiteElo "2050"]
[BlackElo "1950"]
[Result "1-0"]
[Round "1"]
1.e4 c5
2.Ng1f3 d6
3.d4 cxd4
4.Qd1xd4 Nb8c6
5.Bf1b5 Bc8d7
6.Bb5xc6 Bd7xc6
7.c4 Ng8f6
8.Nb1c3 e6
9.Bc1g5 Bf8e7
10.O-O Qd8c7
11.Ra1c1 a6
12.a4 O-O
13.Nc3d5 exd5
{ time. }
1-0

[Event "Tourn. n10197"]
[Site "www.echecsemail.com"]
[Date "2019.11.08"]
[Round "1"]
[White "Picifarkinca"]
[Black "Mapudungo"]
[WhiteElo "1580"]
[BlackElo "1499"]
[Result "1-0"]
[Round "1"]
1.b3 d5
2.g3 c5
3.Bf1g2 e5
4.Bc1b2 Nb8c6
5.d3 f5
6.c4 d4
7.Nb1d2 Ng8f6
8.a3 a5
9.Ng1h3 Nf6g4
10.Qd1c2 Bf8d6
11.O-O-O O-O
12.Bg2d5 Kh8
13.Rd1e1 a4
14.e3 h6
15.exd4 axb3
16.Nd2xb3 Nc6xd4
17.Nb3xd4 exd4
18.Qc2d2 Ng4f6
19.Bd5g2 Ra8a5
20.Nh3f4 Bd6xf4
21.Qd2xf4 b5
22.Bg2h3  { time }
1-0

[Event "Match"]
[Site "www.echecsemail.com"]
[Date "2019.11.08"]
[Round "1"]
[White "Dorfteich"]
[Black "Bjonil60"]
[WhiteElo "1699"]
[BlackElo "1450"]
[Result "1-0"]
[Round "1"]
1.e4 Nb8c6
2.d4 e6
3.Ng1f3 Qd8e7
4.c4 b6
5.Nb1c3 d6
6.Qd1a4 Bc8d7
7.Nc3b5 a6
8.Nb5xc7 Kd8
9.Nc7xa8 Nc6xd4
10.Qa4d1 e5
11.Nf3xd4 exd4
12.Qd1xd4 f6
13.Qd4xb6 Ke8
14.Bf1d3 Bd7c8
15.Na8c7 Kf7
16.O-O Qe7d7
17.Bc1e3 g6
18.Nc7xa6 Bc8xa6
19.Qb6xa6 Ke6
20.c5 Ke5
21.cxd6 Bf8xd6
22.f4 Ke6
{ time. }
1-0

[Event "Match"]
[Site "www.echecsemail.com"]
[Date "2019.11.08"]
[Round "1"]
[White "Apdash"]
[Black "Gimmyg"]
[WhiteElo "2230"]
[BlackElo "2570"]
[Result "0-1"]
[Round "1"]
1.e4 d5
2.exd5 Qd8xd5
3.d3 Bc8f5
4.Nb1c3 Qd5d8
5.Ng1f3 e6
6.Bf1e2 Bf8e7
7.O-O c6
8.Bc1f4 h6
9.a3 Ng8f6
10.Nf3e5 Nb8d7
11.Be2h5 Nf6xh5
12.Qd1xh5 O-O
13.g4 Bf5g6
14.Qh5h3 Nd7xe5
15.Bf4xe5 Qd8d7
16.Ra1d1 f6
17.Be5f4 e5
18.Bf4e3 f5
19.f3 b6
20.gxf5 Bg6xf5
21.Qh3g3 Rf8f6
22.Qg3xe5 Be7d6
23.Qe5d4 Bd6c5
24.Qd4xd7 Bc5xe3
25.Kh1 Bf5xd7
26.Nc3e4 Rf6f4
27.Kg2 Rf4h4
28.Kg3 Rh4h3
29.Kg2 Ra8f8
30.Ne4g3 Rh3h4
31.Rf1e1 Bd7h3
32.Kh1 Rf8xf3
33.Ng3f1 Be3f4
{ resign }
0-1

[Event "Match"]
[Site "www.echecsemail.com"]
[Date "2019.11.08"]
[Round "1"]
[White "Jerome"]
[Black "Sociopath"]
[WhiteElo "2840"]
[BlackElo "2830"]
[Result "1-0"]
[Round "1"]
1.e4 c5
2.Ng1f3 d6
3.d4 cxd4
4.Nf3xd4 Ng8f6
5.Nb1c3 a6
6.Bc1g5 e6
7.f4 Qd8b6
8.Qd1d2 Qb6xb2
9.Ra1b1 Qb2a3
10.e5 dxe5
11.fxe5 h6
12.Bg5f4 g5
13.Bf4g3 Nf6h5
14.Nc3e4 Qa3xa2
15.Rb1b3 Qa2a1
16.Kf2 Nb8d7
17.Rb3c3 Nh5xg3
18.hxg3 Bf8e7
19.Ne4d6 Be7xd6
20.exd6 Qa1b1
21.Nd4b3 Kf8
22.Kg1 Nd7e5
23.Rc3c7 Qb1b2
24.Nb3c5 Kg7
25.Nc5a4 Qb2a1
26.Na4b6 Rh8d8
27.c3 Bc8d7
28.Qd2d4 f6
29.Nb6xa8 Rd8xa8
30.Kh2 Qa1b2
31.Qd4e4 Qb2d2
32.Rc7xd7 Ne5xd7
33.Bf1d3 f5
34.Qe4xe6 { resign }
1-0

[Event "Tourn. n10188"]
[Site "www.echecsemail.com"]
[Date "2019.11.08"]
[Round "1"]
[White "Conde7"]
[Black "Sociopath"]
[WhiteElo "2880"]
[BlackElo "2790"]
[Result "1-0"]
[Round "1"]
1.e4 c5
2.Ng1f3 d6
3.d4 cxd4
4.Nf3xd4 Ng8f6
5.Nb1c3 a6
6.h3 e6
7.g4 Bf8e7
8.g5 Nf6d7
9.Bc1e3 b5
10.a3 Bc8b7
11.h4 O-O
12.Qd1d2 Nb8c6
13.O-O-O Nd7c5
14.f3 Ra8b8
15.Bf1e2 Nc6xd4
16.Qd2xd4 Qd8c7
17.h5 Rb8c8
18.h6 e5
19.Qd4d2 g6
20.Rh1g1 Rf8d8
21.Kb1 Rc8b8
22.Nc3d5 Bb7xd5
23.Qd2xd5 Nc5a4
24.Qd5b3 Rd8c8
25.c3 Na4c5
26.Qb3d5 Nc5a4
27.Be2d3 Na4b6
28.Be3xb6 Qc7xb6
29.Bd3c2 Qb6c5
30.Qd5d2 Qc5c4
31.Rd1e1 Rc8f8
32.Re1f1 a5
33.Qd2d1 Qc4c5
34.Bc2b3 Kh8
35.Qd1e2 f6
36.gxf6 Rf8xf6
37.Rf1d1 Qc5b6
38.Ka2 Rb8f8
39.Rg1g3 Rf8a8
40.Rd1d5 Ra8b8
41.Qe2d3 Qb6c6
42.Qd3e3 Qc6b6
43.Qe3e2 Qb6c6
44.Qe2d3 Rf6f4
45.Rg3g4 Rf4f6
46.Qd3e2 Qc6b6
47.Rd5d3 Qb6c7
48.Rd3d5 Qc7b6
49.Rg4g3 Qb6c6
50.Qe2d1 Rf6f4
51.Qd1f1 Rf4h4
52.Rg3h3 Rh4f4
53.Rh3h1 Be7g5
54.Rh1g1 Bg5e7
55.Qf1h3 Qc6c7
56.Qh3f1 Qc7c6
57.Rg1g4 Rf4f8
58.Qf1e2 Qc6d7
59.Qe2d3 Qd7c6
60.Kb1 Qc6b6
61.Ka2 Rb8b7
62.Qd3e2 Rb7b8
63.Rd5d1 Qb6d8
64.Rd1g1 Rf8f6
65.Rg1f1 Be7f8
66.Rg4h4 Qd8b6
67.Qe2d2 Rb8d8
68.Bb3d5 Rf6f4
69.Qd2h2 Rf4f6
70.f4 b4
71.Qh2g3 Rd8c8
72.f5 bxc3
73.bxc3 Rc8b8
74.Rh4h2 a4
75.Rf1g1 Bf8e7
76.Rh2d2 Qb6b5
77.Qg3g5 Be7d8
78.Qg5g3 Bd8e7
79.Rg1c1 Be7d8
80.Rc1d1 Bd8e7
81.Rd2g2 Be7d8
82.Qg3g5 Bd8e7
83.Qg5g3 Be7d8
84.Qg3g5 Bd8e7
85.Rg2d2 Qb5b6
86.Rd1f1 Qb6d8
87.Qg5g3 Be7f8
88.Rd2g2 Qd8b6
89.Qg3h4 Bf8e7
90.Qh4g5 Qb6a5
91.Rg2c2 Qa5b5
92.Rf1d1 Qb5b6
93.Qg5g3 Be7d8
94.Rc2e2 Bd8e7
95.Re2d2 Be7d8
96.Rd1g1 Bd8e7
97.Rg1d1 Be7d8
98.Rd2c2 Bd8e7
99.Rd1h1 Qb6b5
100.Rh1d1 Qb5b6
101.Rd1g1 Be7d8
102.Rc2d2 Bd8e7
103.Rg1c1 Be7f8
104.Qg3g5 Bf8e7
105.Qg5g3 Be7f8
106.Rd2h2 Bf8e7
107.Rh2c2 Be7d8
108.Rc2d2 Qb6a6
109.Qg3g2 Qa6b5
110.Qg2g3 Bd8e7
111.Rc1d1 Qb5b6
112.Rd2g2 Rf6f8
113.Rd1f1 g5
114.Qg3d3 Qb6a7
115.Rf1f2 Be7f6
116.Qd3g3 Rf8c8
117.Rf2b2 Rb8xb2
118.Rg2xb2 Qa7a6
119.Qg3e3 Rc8f8
120.c4 Qa6a5
121.Rb2b5 Qa5c7
122.Kb1 Rf8c8
123.Kc2 Qc7d8
124.Rb5b7 Rc8c7
125.Rb7b4 Rc7c8
126.Rb4xa4 g4
127.Ra4b4 Bf6g5
128.Qe3g3 Qd8f6
129.Rb4b7 Qf6xh6
130.Qg3xg4 Rc8d8
131.Qg4g1 Qh6h4
132.Kb1 Qh4f4
133.Qg1a7 Rd8d7
134.Qa7b8 Rd7d8
135.Qb8c7 Qf4f1
136.Ka2 Qf1f2
137.Rb7b2 Qf2g1
138.c5 Qg1xc5
139.Qc7f7 Qc5g1
140.f6 Bg5h6
141.Qf7d7 Rd8f8
142.f7 Bh6g7
143.Qd7xd6 h6
144.a4 Qg1a7
145.Bd5b3 Qa7g1
146.Qd6c6 Qg1g5
147.a5 Qg5d8
148.Rb2h2 Bg7f6
149.Qc6c5 Kg7
150.Rh2g2 Bf6g5
151.Qc5xe5 Qd8f6
152.Qe5d5 Rf8a8
153.Qd5xa8 { resign }
1-0

[Event "Tourn. n10170"]
[Site "www.echecsemail.com"]
[Date "2019.11.08"]
[Round "1"]
[White "Tartan"]
[Black "Numanoid"]
[WhiteElo "2500"]
[BlackElo "2760"]
[Result "0-1"]
[Round "1"]
1.d4 d5
2.c4 e6
3.Nb1c3 Ng8f6
4.Bc1g5 c5
5.cxd5 cxd4
6.Qd1xd4 Bf8e7
7.e4 Nb8c6
8.Qd4d2 exd5
9.Bg5xf6 Be7xf6
10.exd5 Nc6d4
11.Qd2e3 Kf8
12.O-O-O Nd4f5
13.Qe3c5 Nf5d6
14.Kb1 Bc8f5
15.Bf1d3 Ra8c8
16.Qc5a3 Bf6xc3
17.bxc3 Bf5xd3
18.Rd1xd3 Kg8
19.Ng1f3 h5
20.Qa3xa7 Rh8h6
21.Ka1 Rc8a8
22.Qa7d4 Nd6b5
23.Qd4b4 Rh6a6
24.Rd3d2 Nb5d6
25.Rh1c1 Ra6a4
26.Qb4b3 Nd6e4
27.Rd2b2 Ra4a3
28.Qb3b4 Qd8xd5
29.c4 Qd5f5
{ resign }
0-1

[Event "Match"]
[Site "www.echecsemail.com"]
[Date "2019.11.08"]
[Round "1"]
[White "Emmanuel69"]
[Black "Apdash"]
[WhiteElo "2020"]
[BlackElo "2190"]
[Result "0-1"]
[Round "1"]
1.c4 Ng8f6
2.d4 e6
3.a3 d5
4.e3 c5
5.dxc5 Bf8xc5
6.Nb1c3 O-O
7.Ng1f3 Nb8c6
8.cxd5 exd5
9.Bf1e2 Bc8g4
10.O-O Qd8d6
11.h3 Bg4h5
12.Nc3b5 Qd6e7
13.Rf1e1 a6
14.Nb5d4 Ra8d8
15.Nd4xc6 bxc6
16.b4 Bc5a7
17.Bc1b2 Nf6e4
18.Nf3d2 Bh5g6
19.Be2xa6 Qe7g5
20.Nd2f3 Qg5e7
21.Ba6d3 f5
22.Nf3e5 Bg6e8
23.Ra1c1 f4
24.exf4 Ba7xf2
25.Kf1 Bf2xe1
26.Qd1xe1 Rf8xf4
27.Kg1 Qe7a7
28.Kh2 Ne4f2
29.Bd3f1 Nf2e4
30.Ne5xc6 Be8xc6
31.Rc1xc6 Rd8f8
32.Bf1d3 Qa7b8
33.Bd3xe4 Rf4f1
34.Qe1g3 Qb8xg3
35.Kxg3 dxe4
36.Rc6c7 Rf1f7
37.Rc7c4 Rf8e8
38.Bb2c3 e3
39.a4 e2
40.a5 e1Q
41.Bc3xe1 Re8xe1
42.a6 g6
43.b5 Re1b1
44.Rc4a4 Rf7a7
45.Kf4 Rb1xb5
{ resign }
0-1

[Event "Match"]
[Site "www.echecsemail.com"]
[Date "2019.11.08"]
[Round "1"]
[White "Biohazard"]
[Black "Jalenakravit"]
[WhiteElo "2679"]
[BlackElo "1799"]
[Result "0-1"]
[Round "1"]
1.e4 e5
2.Ng1f3 Nb8c6
3.Bf1b5 a6
4.Bb5a4 Ng8f6
5.O-O Bf8e7
6.Rf1e1 b5
7.Ba4b3 d6
8.c3 O-O
9.h3 Nf6d7
10.d4 Be7f6
11.a4 Bc8b7
12.Nb1a3 exd4
13.Qd1xd4 Nc6xd4
{ resign }
0-1

[Event "Fast Game"]
[Site "www.echecsemail.com"]
[Date "2019.11.08"]
[Round "1"]
[White "Ranjachess"]
[Black "Aders1"]
[WhiteElo "1650"]
[BlackElo "1599"]
[Result "0-1"]
[Round "1"]
1.d4 Ng8f6
2.Nb1c3 g6
3.e4 d6
4.Bc1f4 Bf8g7
5.e5 Nf6h5
6.Qd1d2 Nh5xf4
7.Qd2xf4 O-O
8.O-O-O c5
9.dxc5 Bg7xe5
10.Qf4d2 Qd8a5
11.cxd6 Be5xd6
12.a3 Bc8f5
13.Nc3d5 Qa5c5
14.c3 Rf8d8
15.Qd2e3 Qc5a5
16.Nd5xe7 Bd6xe7
17.Qe3xe7 Rd8xd1
18.Kxd1 Nb8c6
19.Qe7e3 Ra8d8
20.Ke1 Nc6d4
21.b4 Nd4c2
22.Ke2 Qa5b5
23.Kf3 Qb5xf1
24.g4 Nc2xe3
25.gxf5 Ne3xf5
26.a4 Qf1d1
27.Kf4 Qd1d2
28.Kg4 h5
29.Kh3 Qd2xf2
30.Ng1e2 Rd8d3
31.Ne2g3 Rd3xg3
32.hxg3 Qf2xg3

0-1

[Event "Match"]
[Site "www.echecsemail.com"]
[Date "2019.11.09"]
[Round "1"]
[White "Apdash"]
[Black "Cal"]
[WhiteElo "2170"]
[BlackElo "1750"]
[Result "1-0"]
[Round "1"]
1.e4 e5
2.Ng1f3 d6
3.Bf1c4 h6
4.d4 Bc8g4
5.dxe5 Bf8e7
6.exd6 cxd6
7.Bc1f4 Ng8f6
8.Nb1c3 O-O
9.O-O Nb8c6
10.h3 Bg4h5
11.Rf1e1 a6
12.Re1e3 Bh5xf3
13.Qd1xf3 Nc6d4
14.Qf3d1 b5
15.Qd1xd4 bxc4
16.Qd4xc4 Nf6h5
17.Bf4h2 Nh5f6
18.e5 dxe5
19.Bh2xe5 Nf6d7
20.Be5g3 Nd7f6
21.Ra1e1 Be7d6
22.Re3d3 Qd8b6
23.Bg3xd6 Rf8c8
24.Qc4b3 Qb6xb3
25.axb3 Ra8a7
26.Re1e7 Ra7xe7
27.Bd6xe7 Nf6h5
28.g3 Rc8e8
29.Rd3d8 g5
30.Rd8xe8 Kg7
31.Re8a8 Kg6
32.Ra8xa6 Kf5
33.g4 Kf4
34.gxh5 g4
35.hxg4 Kxg4
36.Ra6xh6 f5
37.Rh6g6 Kxh5
38.Rg6g5 { resign }
1-0

[Event "Match"]
[Site "www.echecsemail.com"]
[Date "2019.11.09"]
[Round "1"]
[White "Sociopath"]
[Black "Seger"]
[WhiteElo "2800"]
[BlackElo "2860"]
[Result "1-0"]
[Round "1"]
1.e4 c5
2.Ng1f3 d6
3.d4 cxd4
4.Nf3xd4 Ng8f6
5.Nb1c3 a6
6.Bc1e3 e5
7.Nd4b3 Bf8e7
8.Qd1d2 Nf6g4
9.g3 O-O
10.h4 Ng4xe3
11.Qd2xe3 b5
12.O-O-O Bc8e6
13.a3 Nb8d7
14.f4 Ra8c8
15.Kb1 Qd8c7
16.f5 Be6xb3
17.cxb3 Nd7b6
18.Rh1h2 Rf8d8
19.b4 Qc7c6
20.Qe3f3 Qc6a8
21.Ka2 h6
22.g4 d5
23.Nc3xd5 Nb6xd5
24.exd5 Qa8b8
25.Rh2h1 Qb8d6
26.Qf3g2 f6
27.Bf1d3 Rc8c7
28.Bd3c2 Rd8c8
29.Bc2b3 Kf8
30.Qg2h3 Ke8
31.Rd1g1 Rc8d8
32.Rg1c1 Kf8
33.Rc1xc7 Qd6xc7
34.Qh3e3 Rd8d6
35.Rh1c1 Qc7d7
36.Rc1c3 Be7d8
37.Qe3c1 Ke8
38.Rc3c8 Qd7b7
39.Rc8c6 Qb7b8
40.g5 hxg5
41.hxg5 Kd7
42.Bb3d1 Bd8c7
43.Bd1h5 Qb8d8
44.Qc1c5 Kc8
45.Qc5a7 Rd6xc6
46.Qa7a8 Bc7b8
47.Qa8xc6 Qd8c7
48.Qc6xa6 Qc7b7
49.Qa6e6 Qb7d7
50.gxf6 gxf6
51.Qe6g8 Qd7d8
52.Bh5e8 Bb8d6
53.Qg8e6 Kb7
54.Be8xb5 { resign }
1-0

[Event "Match"]
[Site "www.echecsemail.com"]
[Date "2019.11.09"]
[Round "1"]
[White "Liencam2"]
[Black "Ericleo1980"]
[WhiteElo "2180"]
[BlackElo "1920"]
[Result "1-0"]
[Round "1"]
1.e4 c5
2.Nb1c3 d6
3.Ng1f3 Ng8f6
4.d4 cxd4
5.Nf3xd4 a6
6.Bc1g5 e6
7.f4 Nb8d7
8.Qd1f3 Qd8c7
9.O-O-O b5
10.Bf1d3 Bc8b7
11.Rh1e1 b4
12.Nc3e2 Bf8e7
13.g4 Nd7c5
14.Ne2g3 Nc5xd3
15.Rd1xd3 Ra8c8
16.Qf3e2 O-O
17.Kb1  { time }
1-0

[Event "Match"]
[Site "www.echecsemail.com"]
[Date "2019.11.09"]
[Round "1"]
[White "Chapi"]
[Black "Geodad5"]
[WhiteElo "2060"]
[BlackElo "2090"]
[Result "1-0"]
[Round "1"]
1.d4 d5
2.c4 e6
3.cxd5 exd5
4.Nb1c3 Bf8e7
5.Ng1f3 Ng8f6
6.Bc1f4 a6
7.e3 O-O
8.Bf1e2 Nb8c6
9.O-O Bc8d7
10.Ra1c1 h6
11.Nf3e5 Ra8c8
12.Ne5xd7 Qd8xd7
13.Be2f3 Nc6d8
14.Bf4e5 c6
15.Nc3a4 Nd8e6
16.Na4b6 Qd7d8
17.Nb6xc8 Qd8xc8
18.Rc1c3 Qc8d7
19.Qd1d3 Ne6g5
20.Bf3d1 Nf6e4
21.Rc3b3 f5
22.f3 Ne4d6
23.Bd1c2 g6
24.g4 Kh7
25.Qd3e2 Nd6c4
26.Be5f4 Ng5h3
27.Kh1 Nh3xf4
28.exf4 Nc4d6
29.Rf1e1 Be7h4
30.Qe2e6 Qd7c7
31.gxf5 Nd6xf5
32.Re1e5 Rf8f6
33.Qe6e8 Nf5g7
34.Re5e7 Qc7xf4
35.Rb3e3 Qf4xd4
36.Re7xg7 Kxg7
37.Re3e7 { resign }
1-0

[Event "Match"]
[Site "www.echecsemail.com"]
[Date "2019.11.09"]
[Round "1"]
[White "Chapi"]
[Black "Apdash"]
[WhiteElo "2050"]
[BlackElo "2190"]
[Result "0-1"]
[Round "1"]
1.d4 Ng8f6
2.c4 d6
3.Nb1c3 Bc8f5
4.Ng1f3 h6
5.e3 e6
6.Bf1d3 Bf5xd3
7.Qd1xd3 Nb8c6
8.O-O d5
9.e4 dxe4
10.Nc3xe4 Bf8e7
11.Bc1f4 Nf6xe4
12.Qd3xe4 O-O
13.Rf1d1 Be7f6
14.b4 a6
15.b5 axb5
16.cxb5 Nc6a5
17.Ra1c1 c6
18.bxc6 Na5xc6
19.d5 exd5
20.Rd1xd5 Qd8e7
21.Qe4f5 Ra8xa2
22.Qf5g4 Kh7
23.Bf4d6 Qe7e6
24.Qg4f5 Qe6xf5
25.Rd5xf5 Rf8d8
26.Bd6f4 Ra2c2
27.g3 Rc2xc1
28.Bf4xc1 Rd8d1
29.Kg2 Rd1xc1
30.Rf5b5 Nc6d4
31.Rb5xb7 Nd4xf3
32.Kxf3 Kg6
33.g4 Bf6d4
34.Rb7d7 Bd4c5
35.Rd7c7 Rc1c2
36.Ke4 Rc2e2
37.Kd3 Re2e5
38.f4 Re5e3
39.Kd2 Bc5d4
40.Rc7d7 Bd4c5
41.Rd7c7 Re3e4
42.Rc7xc5 Re4xf4
43.Ke3 Rf4xg4
44.Kf3 f5
45.h3 Rg4a4
46.Rc5c3 Kh5
47.Kg2 g5
48.Kh2 Kh4
49.Rc3d3 h5
50.Rd3f3 Ra4a2
51.Kg1 Ra2a5
52.Kg2 g4
53.hxg4 hxg4
54.Rf3f4 Kg5
55.Rf4f2 f4
56.Rf2d2 g3
57.Rd2d3 Kg4
58.Rd3d2 f3
{ resign }
0-1